00377nam a2200181Ia 4500003000900000008004100009040001300050040001300063041000800076100001900084245002400103250001200127260001600139260000900155300001000164490000700174700001400181IT-RoPAU120407s9999 xx 000 0 und d aIT-RoPAU cIT-RoPAU aita aKarl Bihlmeyer aStoria della Chiesa aBrescia aMorcelliana c1956 c24 cm v14 aH. Tuchle